000 00515cam a2200193 4500
001 J106637
008 000000n1998 000 0 eng u
035 _a(Sirsi) u106637
041 _aeng
050 _a333.33709421
110 _aFPDSavills
_93625
245 _aCentral London office review and outlook - Summer 1998
260 _aLondon
_bFPDSavills
_c1998
300 _a6p. ; 30cm.
650 _aOFFICE PROPERTY
650 _aPROPERTY-COMMERCIAL PROPERTY
690 _aECONOMIC AND SOCIAL
942 _n0
999 _c100593
_d100593